| 000 | 01060nam a22003377a 4500 | ||
|---|---|---|---|
| 003 | CHAP | ||
| 005 | 20220329133820.0 | ||
| 008 | 971013s mx r 00010 spa d | ||
| 010 | _a11281 | ||
| 011 | _a12253 | ||
| 035 | _a14647 | ||
| 040 | _cCHAP | ||
| 090 | _aFolleto 7413 | ||
| 110 |
_aMéxico. Dirección General para el Desarrollo Agroindustrial _977057 |
||
| 245 | 1 |
_aCafé _b: beneficio |
|
| 260 |
_a(s.l.) : _b(s.e.), _c[19--?] |
||
| 300 | _a1 h. pleg. | ||
| 490 |
_aProcesos agroindustriales _v; 7 |
||
| 590 |
_aBATCH-UPD _b10 _c20130110 _lUCH01 _h1059 |
||
| 590 |
_aBATCH-UPD _b10 _c20130410 _lUCH01 _h0653 |
||
| 590 |
_aBATCH-UPD _b10 _c20130914 _lUCH01 _h0806 |
||
| 590 |
_aCONVERSION _b10 _c20130109 _lUCH01 _h1307 |
||
| 650 | 1 | 4 |
_aCafé. _917085 |
| 650 | 1 | 4 |
_aCafé _xAnálisis. _917089 |
| 650 | 1 | 4 |
_aSuelos cafetaleros. _9110538 |
| 830 | 0 |
_aProcesos agroindustriales _v; 7 _991824 |
|
| 901 | _aBK | ||
| 942 | _cFOLL | ||
| 949 |
_aFolleto 7413 _bBC _cFOLL _d-148012 _eTS1 _i14647 _si |
||
| 949 |
_aFolleto 7413 _bBC _cFOLL _d-148013 _eTS2 _fc.2 _i14647 _si |
||
| 999 |
_c11281 _d11281 |
||